Semiconductor devices, physics and technology / (Record no. 80410)
[ view plain ]
| 000 -LEADER | |
|---|---|
| fixed length control field | 00743nam a2200181 a 4500 |
| 008 - FIXED-LENGTH DATA ELEMENTS--GENERAL INFORMATION | |
| fixed length control field | 120416s1985 ||||||||||||||||| || u |
| 020 ## - INTERNATIONAL STANDARD BOOK NUMBER | |
| International Standard Book Number | 0471874248 |
| 050 ## - LIBRARY OF CONGRESS CALL NUMBER | |
| Classification number | TK 7871.85 Sze |
| 100 ## - MAIN ENTRY--PERSONAL NAME | |
| Personal name | Sze, S. M., 1936- |
| 245 10 - TITLE STATEMENT | |
| Title | Semiconductor devices, physics and technology / |
| 260 ## - PUBLICATION, DISTRIBUTION, ETC. | |
| Place of publication, distribution, etc. | New York : |
| Name of publisher, distributor, etc. | John Wiley and Sons |
| Date of publication, distribution, etc. | 1985 |
| 300 ## - PHYSICAL DESCRIPTION | |
| Extent | xi, 523p. : ill. |
| 350 ## - | |
| -- | 0.00 |
| 650 #0 - SUBJECT ADDED ENTRY--TOPICAL TERM | |
| Topical term or geographic name entry element | PHYSICS |
| 650 ## - SUBJECT ADDED ENTRY--TOPICAL TERM | |
| Topical term or geographic name entry element | SEMICONDUCTORS |
| 995 ## - | |
| -- | BINDERY (DAMAGED) |
| -- | 0.00 |
| -- | 727612 |
| -- | CBU-MAIN LIBRARY (Kitwe) |
| -- | 1 |
| -- | 71.00 |
| -- | TK 7871.85 Sze |
| -- | DAMAGED |
| -- | 025375 |
| -- | Main Library Open Access Collection |
| 995 ## - | |
| -- | ANNEX COLLECTION (Main Library) |
| -- | 0.00 |
| -- | 727611 |
| -- | CBU-MAIN LIBRARY (Kitwe) |
| -- | 2 |
| -- | 71.00 |
| -- | TK 7871.85 Sze |
| -- | AVAILABLE |
| -- | 025352 |
| -- | Annex Low-Usage Collection |
| 999 ## - | |
| -- | 80410 |
| -- | 80410 |
| Withdrawn status | Lost status | Source of classification or shelving scheme | Damaged status | Not for loan | Permanent Location | Current Location | Shelving location | Date acquired | Total Checkouts | Full call number | Barcode | Date last seen | Copy number | Price effective from | Koha item type |
|---|---|---|---|---|---|---|---|---|---|---|---|---|---|---|---|
| CBU-MAIN LIBRARY, KITWE. | CBU-MAIN LIBRARY, KITWE. | 06/29/2023 | TK 7871.85 Sze | 025375 | 06/29/2023 | 1 | 06/29/2023 | MONOGRAPH | |||||||
| CBU-MAIN LIBRARY, KITWE. | CBU-MAIN LIBRARY, KITWE. | 06/29/2023 | TK 7871.85 Sze | 025352 | 06/29/2023 | 2 | 06/29/2023 | MONOGRAPH |